000 00746nam a2200253Ia 4500
003 OSt
005 20220928132639.0
006 a|||||r|||| 00| 0
007 ta
008 220927b |||||||| |||| 00| 0 eng d
020 _c6286.5
024 _a118442
037 _b5878, 04/02/2013, New India Book Agency
_cTextual
040 _aSDCL
_cSDCL
_beng
041 _2eng
_aeng
082 _aG9M, Q0
100 _aCreighton Thomas E
245 0 _aPhysical and chemical basis of molecular biology.
260 _aNew York
_b Helvetian Press
_c2010
300 _axxxx,642p
_ccm.
650 _aBiophysics
942 _hG9M, Q0
_cTEXL
_2CC
999 _c795283
_d795283